000 00566nam a2200205 a 4500
001 18805
003 CO-ViMGA
008 141112s2004 ck r 000 u spa d
020 _a9581403418
040 _aCO-ViMGA
_bspa
_cCO-ViMGA
082 0 4 _aCo863.6 S676q
100 1 _aSoto Aparicio, Fernando
_917115
245 1 0 _aEl Quinto Mandamiento
260 _aBogotá :
_bPlaza y Janes; 2000
300 _a283 p.
590 _aForma de adquisición : Premio Mincultura
650 1 4 _aNOVELA COLOMBIANA
_91193
650 1 4 _aVIOLENCIA - COLOMBIA
_917061
942 _2ddc
_cBK
999 _c28034
_d28034